000 00630cam a22002291 4500
001 ne 65000494
003 DLC
005 20260227111811.0
008 890629s1964 xx ac 000 0 ara
010 _ane 65000494
035 _a(OCoLC)23523381
040 _aDLC
_cMiU
_dDLC
042 _apremarc
043 _af-ua---
050 0 0 _aRA771
_b.U57
110 1 _aUnited Arab Republic.
_bWizārat al-Ṣiḥḥah al-ʻUmūmīyah.
245 1 0 _aNiẓām al-khidmah al-ṣiḥḥīyah bi-al-rīf.
260 _c1964.
300 _a19, 237 p.
_billus., ports.
_c24 cm.
500 _aRomanized.
650 0 _aRural health
_zEgypt.
999 _c47959
_d47959